000 00558nam a2200205Ia 4500
005 20250923145622.0
008 008 250917s9999 xx 000 0 eng d
037 _aTextual
040 _aDSWL
_beng
_cDSWL
041 _aeng
_2eng
084 _aYX;5x1, N76;2
_qDSWL
245 0 _aMeeting human needs
_cEd. by D. Thursz
260 _aBeverly
_bHills Sage Pubs.
_c1976
300 _a286 p.
365 _aINR
490 _vVol II
700 _a J.L. Vigilante
_9837233
942 _cTEXL
_hYX;5x1, N76;2
999 _c1453551
_d1453551